000 00672nam a2200241Ia 4500
003 OSt
005 20221007065017.0
006 a|||||r|||| 00| 0
007 ta
008 221006b |||||||| |||| 00| 0 eng d
020 _cRs. 15/-
024 _a10,596
037 _cTextual
040 _aFLL
_cFLL
_beng
041 _2eng
_aeng
082 _aL55:394b42, K8
100 _aKrishna Murty K.G. Au.
_9686541
245 0 _aResearch in family planning in india
260 _aDelhi
_bSterling publishers (pvt.) ltd. India
_c1968
300 _a106p
_ccm.
942 _hL55:394b42, K8
_cTEXL
_2CC
999 _c1136022
_d1136022